000 00659nam a2200169 a 4500
001 000036573
005 20200930075815.0
008 120120s1970 sp 000 0 spa d
040 _aDO-SdBNP
_bspa
_cBNPHU
082 _axxx
_bS679m
100 1 _aSoderlind, Sterling E.
_962842
245 1 0 _aMarketing agresivo :
_bgolpes maestros en política comercial /
_cSterling E. Soderlind.
260 _aBarcelona :
_bEditorial Luis Miracle,
_c1970.
300 _a223 p ;
_c23 cm.
500 _atítulo de la edición original norteamericana, publicada por Dow Jones
500 _aCon un apéndice sobre introducción a la práctica del marketing por Jaime Vicens Carrió
999 _c36064
_d36064